000 01397 a2200217 4500
001 56790
005 20260407155831.0
008 260407a1945 arg spa d
003 AR-UNSa-BCEJYS
040 _aAR-UNSa-BCEJYS
_bspa
_cAR-UNSa-BCEJYS
080 _a330.8
_xHistoria de las teorías, Doctrinas, Dogmas económicos (pensamiento económico)
245 1 0 _aHistoria de las doctrinas relativas al crédito y a la moneda
_pdesde John Law hasta la actualidad
264 1 _aBarcelona :
_bBosch
_c1945
300 _a498 p.
_c22 cm.
505 _a1. Confusión del crédito y de la moneda en la economía política del siglo XVIII – 2. La acción de los metales preciosos sobre el nivel de los precios y sobre el tipo de int5eres según las doctrinas del siglo XVIII – 3. Thornton, Ricardo y el “Bullion Report” – 4. El historiador Tooke y el lógico Ricardo – 5. Tooke, creador de la doctrina del crédito. Controversia del “Currency” y del “Banking Principles” – 6. Producción de oro y movimiento de los precios (1850 – 1936) – 7. Mecanismo de acción del oro y del tipo de descuento sobre los precios – 8. La teoría general de la moneda a principios del siglo XX – 9. La teoría de los bancos centrales de emisión
041 _aspa
942 _cBK
590 _aniveau_biblio:m niveau_hierar:0
100 1 _aRist, Charles
700 1 _aSchop Santos, Ernesto
999 _c6052
_d6052